000 00504nam a22001937a 4500
999 _c6536
_d6536
003 OSt
005 20200214130629.0
008 200130b ||||| |||| 00| 0 eng d
020 _a0333689720
040 _c040a
082 _a306.85 STE 2001
100 _aSteel, Liz; Kidd, Warren
_913434
245 _aThe Family
260 _aNew York;
_bPalgrave,
_c2001
300 _axi, 247p;
_bill :
_c25cm.
504 _aIncludes bibliographical references and index
650 _2Family
942 _2ddc
_cO_SHELF